Classifica storica dei mondiali di calcio - Statistics

Statistiche generali
  • Questo quiz è stato fatto 94 volte
  • Il punteggio medio è 18 su 80
Statistiche sulle risposte
Continente Nazionale Partecipazioni ai Mondiali Punti Partite giocate Vinte Pareggiate Perse % Corretto
America del Sud Brasile 22 247 114 76 19 19
99%
America del Sud Argentina 18 158 88 47 17 24
91%
Europa Francia 16 131 73 39 14 20
91%
Europa Italia 18 156 83 45 21 17
91%
Europa Germania / Germania Ovest 20 225 112 68 21 23
90%
Europa Inghilterra 16 118 74 32 22 20
80%
Europa Spagna 16 110 67 31 17 19
75%
America del Sud Uruguay 14 88 59 25 13 21
70%
Asia / Europa Russia / Unione Sovietica 11 67 45 19 10 16
62%
America del Nord Messico 17 66 60 17 15 28
60%
Europa Paesi Bassi 11 104 55 30 14 11
58%
Europa Belgio 14 79 51 21 10 20
47%
America del Sud Cile 9 40 33 11 7 15
46%
America del Nord Stati Uniti 11 35 37 9 8 20
46%
America del Sud Paraguay 8 31 27 7 10 10
40%
America del Sud Colombia 6 30 22 9 3 10
37%
Asia Giappone 7 27 25 7 6 12
35%
Europa Svezia 12 70 51 19 13 19
35%
Asia Corea del Sud 11 31 38 7 10 21
33%
America del Nord Costa Rica 6 23 21 6 5 10
30%
Europa Portogallo 8 57 35 17 6 12
30%
Oceania Australia 6 16 20 4 4 12
28%
Africa Camerun 8 23 26 5 8 13
27%
Africa Marocco 6 22 23 5 7 11
27%
Europa Serbia / Jugoslavia 13 63 49 18 9 22
26%
Asia / Europa Turchia 2 16 10 5 1 4
26%
Europa Polonia 9 57 38 17 6 15
22%
America del Sud Ecuador 4 17 13 5 2 6
21%
Europa Svizzera 12 50 41 14 8 19
21%
Europa Croazia 6 47 30 13 8 9
19%
America del Sud Perù 5 18 18 5 3 10
19%
Africa Nigeria 6 21 21 6 3 12
17%
Africa Senegal 3 18 12 5 3 4
17%
Europa Ungheria 9 48 32 15 3 14
17%
Europa Danimarca 6 33 23 9 6 8
15%
Europa Austria 7 40 29 12 4 13
14%
Oceania Nuova Zelanda 2 3 6 0 3 3
14%
America del Nord Canada 2 0 6 0 0 6
12%
Africa Ghana 4 18 15 5 3 7
12%
America del Sud Bolivia 3 1 6 0 1 5
11%
Africa Algeria 4 12 13 3 3 7
10%
Asia Iran 6 13 18 3 4 11
10%
Europa Repubblica Ceca / Cecoslovacchia 9 41 33 12 5 16
10%
Asia Arabia Saudita 6 14 19 4 2 13
9%
America del Nord Panama 1 0 3 0 0 3
9%
Europa Romania 7 29 21 8 5 8
9%
Asia Cina 1 0 3 0 0 3
7%
Asia Corea del Nord 2 4 7 1 1 5
7%
America del Nord Cuba 1 4 3 1 1 1
7%
America del Nord El Salvador 2 0 6 0 0 6
7%
Europa Grecia 3 8 10 2 2 6
7%
Europa Islanda 1 1 3 0 1 2
7%
Europa Scozia 8 19 23 4 7 12
7%
Europa Bulgaria 7 17 26 3 8 15
6%
Africa Egitto 3 2 7 0 2 5
6%
America del Nord Giamaica 1 3 3 1 0 2
6%
America del Nord Haiti 1 0 3 0 0 3
6%
America del Nord Honduras 3 3 9 0 3 6
6%
Asia Iraq 1 0 3 0 0 3
6%
America del Nord Trinidad e Tobago 1 1 3 0 1 2
6%
Africa Costa d'Avorio 3 10 9 3 1 5
5%
Asia Emirati Arabi Uniti 1 0 3 0 0 3
5%
Asia Kuwait 1 1 3 0 1 2
5%
Asia Qatar 1 0 3 0 0 3
5%
Europa Slovacchia 1 4 4 1 1 2
5%
Africa Sudafrica 3 10 9 2 4 3
5%
Africa Togo 1 0 3 0 0 3
5%
Africa Angola 1 2 3 0 2 1
4%
Europa Bosnia ed Erzegovina 1 3 3 1 0 2
4%
Europa Galles 2 7 8 1 4 3
4%
Asia Indie orientali olandesi / Indonesia 1 0 1 0 0 1
4%
Europa Irlanda 3 14 13 2 8 3
4%
Europa Irlanda del Nord 3 14 13 3 5 5
4%
Asia Israele 1 2 3 0 2 1
4%
Europa Norvegia 3 9 8 2 3 3
4%
Europa Slovenia 2 4 6 1 1 4
4%
Africa Tunisia 6 14 18 3 5 10
4%
Africa Zaire / Repubblica Democratica del Congo 1 0 3 0 0 3
4%
Europa Germania Est 1 8 6 2 2 2
2%
Europa Ucraina 1 7 5 2 1 2
2%
Nessun quiz corrispondente trovato
Distribuzione punteggi
Percentuale di utenti per punteggio
Percentile per numero di risposta
I tuoi punteggi nel tempo
Non hai fatto questo quiz